Catálogo "Lo tienes que ver" : (Record no. 197436)
[ view plain ]
| 000 -LEADER | |
|---|---|
| campo de control de longitud fija | 01559nam a2200349 i 4500 |
| 001 - NÚMERO DE CONTROL | |
| campo de control | 197436 |
| 003 - IDENTIFICADOR DE NÚMERO DE CONTROL | |
| campo de control | ES-MaACL |
| 005 - FECHA Y HORA DE LA ÚLTIMA TRANSACCIÓN | |
| campo de control | 20250820063103.0 |
| 008 - DATOS DE LONGITUD FIJA--INFORMACIÓN GENERAL | |
| campo de control de longitud fija | 250510s2025 sp 0|| | spa|d |
| 017 ## - NÚMERO DE COPYRIGHT O DE DEPÓSITO LEGAL | |
| Número de copyright o de depósito legal | M 2515-2025 |
| Agencia que asigna | Oficina Depósito Legal Madrid |
| 020 ## - NÚMERO INTERNACIONAL ESTÁNDAR DEL LIBRO | |
| Número Internacional Estándar del Libro | 9788470756955 |
| 040 ## - FUENTE DE CATALOGACIÓN | |
| Centro catalogador/agencia de origen | UNAV |
| Lengua de catalogación | spa |
| Centro/agencia transcriptor | UNAV |
| Normas de descripción | rda |
| 245 10 - MENCIÓN DEL TÍTULO | |
| Título | Catálogo "Lo tienes que ver" : |
| Resto del título | La autonomía del color en el arte abstracto : Fundación Juan March, 28 de febrero al 8 de junio de 2025 / |
| Mención de responsabilidad, etc. | Textos: Manuel Fontán del Junco, María Zozaya, David Batchelor y Paul Smith. |
| 264 #1 - PRODUCCIÓN, PUBLICACIÓN, DISTRIBUCIÓN, FABRICACIÓN Y COPYRIGHT | |
| Producción, publicación, distribución, fabricación y copyright | : |
| Nombre del de productor, editor, distribuidor, fabricante | Fundación Juan March, |
| Fecha de producción, publicación, distribución, fabricación o copyright | 2025 |
| 300 ## - DESCRIPCIÓN FÍSICA | |
| Extensión | 311 páginas : |
| Otras características físicas | ilustrado a color ; |
| Dimensiones | 30 cm. |
| 336 ## - TIPO DE CONTENIDO | |
| Término de tipo de contenido | Texto |
| Código de tipo de contenido | txt |
| Fuente | rdacontent |
| 337 ## - TIPO DE MEDIO | |
| Nombre/término del tipo de medio | sin mediación |
| Código del tipo de medio | n |
| Fuente | rdamedia |
| 338 ## - TIPO DE SOPORTE | |
| Nombre/término del tipo de soporte | volumen |
| Código del tipo de soporte | nc |
| Fuente | rdacarrier |
| 490 1# - MENCIÓN DE SERIE | |
| Mención de serie | ; |
| 500 ## - NOTA GENERAL | |
| Nota general | Exposición celebrada del 28 de febrero al 8 de junio de 2025 en la Fundación Juan March. |
| 504 ## - NOTA DE BIBLIOGRAFÍA, ETC. | |
| Nota de bibliografía, etc. | Incluye referencias bibliográficas (páginas) e índice |
| 700 1# - ENTRADA AGREGADA--NOMBRE PERSONAL | |
| Nombre de persona | Fontán del Junco, Manuel, |
| 9 (RLIN) | 226485 |
| Fechas asociadas al nombre | 1963- |
| Término indicativo de función/relación | Autor |
| 700 1# - ENTRADA AGREGADA--NOMBRE PERSONAL | |
| Nombre de persona | Zozaya Álvarez, María |
| 9 (RLIN) | 144199 |
| Término indicativo de función/relación | Autor |
| 700 1# - ENTRADA AGREGADA--NOMBRE PERSONAL | |
| Nombre de persona | Batchelor, David |
| Término indicativo de función/relación | Autor |
| 9 (RLIN) | 241834 |
| 700 1# - ENTRADA AGREGADA--NOMBRE PERSONAL | |
| Nombre de persona | Smith, Paul |
| 9 (RLIN) | 106910 |
| Término indicativo de función/relación | Autor |
| 852 ## - LOCALIZACIÓN | |
| Ubicación | ES-MaACL |
| Ubicación en estantería | Depósito J |
| Número de control de estantería | N-10454 |
| Encuadernación | Encuadernación rústica |
| itemnumber | 206577 |
| Donativo/Legado | Donación: Editorial |
| 914 ## - NOMBRE ENTIDAD DE DONANTE | |
| RLIN | 4346 |
| Nombre de congreso/reunión o jurisdicción como elemento de entrada | Fundación Juan March |
| Unidad subordinada | Donante |
| 942 ## - ELEMENTOS DE ENTRADA SECUNDARIOS (KOHA) | |
| Tipo de ítem Koha | Libro impreso |
| Suprimir en OPAC | No |
| Estatus retirado | Estado de pérdida | Fuente del sistema de clasificación o colocación | Estado de daño | No para préstamo | Biblioteca de origen | Biblioteca actual | Ubicación en estantería | Fecha de adquisición | Fuente de adquisición | Total de préstamos | Signatura topográfica completa | Código de barras | Visto por última vez | Precio de reemplazo | Tipo de ítem Koha |
|---|---|---|---|---|---|---|---|---|---|---|---|---|---|---|---|
| Clasificación decimal universal | Biblioteca del Ateneo de Madrid | Biblioteca del Ateneo de Madrid | Depósito J | 18/08/2025 | Donación | N-10454 | 2025-0954 | 18/08/2025 | 18/08/2025 | Libro impreso |
